Statistics for Titanic (1997) Deaths

Click here to take the quiz!

General Stats

  • This quiz has been taken 221 times
  • The average score is 5 of 9

Answer Stats

HintAnswer% Correct
HypothermiaJack Dawson
94%
Died of old ageRose Dewitt Bukater
87%
Crushed by a falling smokestackFabrizio De Rossi
64%
Shot in the chest by by Officer MurdochThomas Ryan
62%
Shot self in head (Offscreen, after sinking)Cal Hockley
61%
Fell into the crack as the Titanic split in halfSpicer Lovejoy
48%
Drowned atfer being trapped behind a gateCora Cartmell
39%
Drowned or died of hypothermia after sliding
down the deck into the ocean
Trudy Bolt
38%
Fell from the stern's railing during the final plungeHelga Dahl
22%

Score Distribution

Percentile by Number Answered

Percent of People with Each Score

Your Score History

You have not taken this quiz